[Event "GRB-ch Universities"]
[Site "Birmingham"]
[Date "2017.02.26"]
[Round "4.1"]
[White "Horton, Andrew P"]
[Black "Manole, Stefan"]
[Result "1-0"]
[WhiteElo "2298"]
[BlackElo "2078"]
[PlyCount "93"]
[EventDate "2017.02.25"]
[EventType "team-swiss"]
[EventRounds "5"]
[EventCountry "ENG"]
[SourceTitle "CBM 177 Extra"]
[Source "ChessBase"]
[SourceDate "2017.04.27"]
[SourceVersion "1"]
[SourceVersionDate "2017.04.27"]
[SourceQuality "1"]
[WhiteTeam "Durham"]
[BlackTeam "UCL"]
[WhiteTeamCountry "ENG"]
[BlackTeamCountry "ENG"]

1. Nf3 d5 2. c4 c6 3. g3 Nf6 4. Bg2 Bf5 5. cxd5 cxd5 6. Qb3 Qb6 7. Qxb6 axb6 8. Nc3 Nc6 9. d3 e6 10. 0-0 Be7 11. Bf4 0-0 12. Rfc1 Rfc8 13. Nb5 Nd7 14. Nd6 Bxd6 15. Bxd6 h6 16. a3 Bg4 17. e3 Kh7 18. h3 Bf5 19. Bf1 Nc5 20. Bxc5 bxc5 21. Rxc5 Ne5 22. Rxc8 Nxf3+ 23. Kg2 Nh4+ 24. gxh4 Rxc8 25. Kf3 e5 26. e4 Be6 27. exd5 Bxd5+ 28. Ke3 Rc2 29. b4 Kg6 30. f4 exf4+ 31. Kxf4 f6 32. Ke3 Kh5 33. Kd4 Be6 34. a4 Kxh4 35. a5 Bd7 36. Kd5 Bc6+ 37. Kd6 Bb5 38. d4 Bxf1 39. Rxf1 Rc4 40. Rb1 Kxh3 41. Kd5 Rc2 42. b5 Ra2 43. a6 bxa6 44. b6 Re2 45. b7 Re8 46. b8Q Rxb8 47. Rxb8 1-0

[Event "GRB-ch Universities"]
[Site "Birmingham"]
[Date "2017.02.25"]
[Round "2.1"]
[White "Kirk, Ezra"]
[Black "Manole, Stefan"]
[Result "1-0"]
[WhiteElo "2343"]
[BlackElo "2078"]
[PlyCount "59"]
[EventDate "2017.02.25"]
[EventType "team-swiss"]
[EventRounds "5"]
[EventCountry "ENG"]
[SourceTitle "CBM 177 Extra"]
[Source "ChessBase"]
[SourceDate "2017.04.27"]
[SourceVersion "1"]
[SourceVersionDate "2017.04.27"]
[SourceQuality "1"]
[WhiteTeam "Bath"]
[BlackTeam "UCL"]
[WhiteTeamCountry "ENG"]
[BlackTeamCountry "ENG"]

1. e4 c6 2. d4 d5 3. e5 Bf5 4. Nf3 e6 5. Be2 Nd7 6. 0-0 Ne7 7. Nbd2 Nc8 8. Nb3 Be7 9. Bd2 0-0 10. Ne1 h6 11. Nd3 a6 12. a4 Na7 13. Qe1 Rc8 14. Bb4 Re8 15. f4 Bxb4 16. Qxb4 Qb6 17. Qxb6 Nxb6 18. Nbc5 Rc7 19. g4 Bxd3 20. Bxd3 Nd7 21. b4 Nxc5 22. bxc5 Nc8 23. Rab1 h5 24. gxh5 Ne7 25. Kf2 Nf5 26. Bxf5 exf5 27. Rg1 Kh7 28. Rg5 g6 29. Rbg1 Re6 30. a5 1-0

[Event "GRB-ch Universities"]
[Site "Birmingham"]
[Date "2017.02.25"]
[Round "1.1"]
[White "Taylor, Adam A"]
[Black "Manole, Stefan"]
[Result "0-1"]
[WhiteElo "2165"]
[BlackElo "2078"]
[PlyCount "64"]
[EventDate "2017.02.25"]
[EventType "team-swiss"]
[EventRounds "5"]
[EventCountry "ENG"]
[SourceTitle "CBM 177 Extra"]
[Source "ChessBase"]
[SourceDate "2017.04.27"]
[SourceVersion "1"]
[SourceVersionDate "2017.04.27"]
[SourceQuality "1"]
[WhiteTeam "Imperial"]
[BlackTeam "UCL"]
[WhiteTeamCountry "ENG"]
[BlackTeamCountry "ENG"]

1. Nf3 d5 2. c4 c6 3. g3 Nf6 4. Bg2 Bf5 5. 0-0 e6 6. d3 Be7 7. b3 0-0 8. Bb2 Nbd7 9. Nbd2 Qb6 10. e4 Bg6 11. Qe2 dxe4 12. dxe4 Rfd8 13. Rad1 a5 14. h3 a4 15. Nh4 Nc5 16. Nxg6 hxg6 17. Rb1 axb3 18. axb3 Nd3 19. Bc3 Nh5 20. Kh2 Ra2 21. b4 Rc2 22. Ba1 Ndf4 23. gxf4 Rdxd2 24. Qf3 Rxf2 25. Rxf2 Rxf2 26. Qc3 Bf6 27. e5 Nxf4 28. Rb2 Rxb2 29. Qxb2 Bg5 30. c5 Qb5 31. Bf3 Qf1 32. Bg4 Nd3 0-1

[Event "GRB-ch Universities"]
[Site "Birmingham"]
[Date "2016.02.20"]
[Round "3.2"]
[White "Grant, David J"]
[Black "Manole, Stefan"]
[Result "0-1"]
[WhiteElo "2085"]
[BlackElo "2078"]
[PlyCount "112"]
[EventDate "2016.02.20"]
[EventType "team-swiss"]
[EventRounds "5"]
[EventCountry "ENG"]
[SourceTitle "CBM 170 Extra"]
[Source "ChessBase"]
[SourceDate "2016.02.25"]
[SourceVersion "1"]
[SourceVersionDate "2016.02.25"]
[SourceQuality "1"]
[WhiteTeam "Durham"]
[BlackTeam "UCL"]
[WhiteTeamCountry "ENG"]
[BlackTeamCountry "ENG"]

1. e4 c6 2. d4 d5 3. exd5 cxd5 4. c4 Nf6 5. Nc3 g6 6. Qb3 Bg7 7. cxd5 0-0 8. g3 Qb6 9. Nge2 Na6 10. Bg2 Rd8 11. 0-0 Qxb3 12. axb3 Nb4 13. Ra5 Bg4 14. d6 exd6 15. Bxb7 Rab8 16. Bg2 Rd7 17. Nf4 h6 18. Be3 g5 19. Nfe2 Re7 20. Nc1 Nc2 21. Nb5 Rb6 22. Rxa7 Rxe3 23. fxe3 Rxb5 24. Ra8+ Kh7 25. Rxf6 Bxf6 26. Bc6 Rf5 27. Be4 Nxe3 28. Nd3 Bxd4 29. Ra4 Kg7 30. Bxf5 Nxf5+ 31. Nf2 Bf3 32. b4 Bc6 33. Ra6 Bb7 34. Ra5 Kg6 35. Kf1 Bxb2 36. g4 Nd4 37. Ra7 Bd5 38. Rd7 Bc4+ 39. Kg2 d5 40. Nd1 Ba3 41. Ne3 Ne6 42. Kf3 Bxb4 43. Nxd5 Bxd5+ 44. Rxd5 Nf4 45. Rb5 Bc3 46. Rb6+ Ne6 47. Ke4 Bd2 48. Rc6 Bf4 49. Rc2 h5 50. h3 h4 51. Rc6 Bg3 52. Rb6 Kh6 53. Rb5 Nf4 54. Rxg5 Nxh3 55. Rf5 Kg6 56. Kf3 Ng5+ 0-1

[Event "ROM-ch U18"]
[Site "Calimanesti"]
[Date "2013.04.08"]
[Round "9"]
[White "Vrencian, Lehel"]
[Black "Manole, Stefan"]
[Result "0-1"]
[WhiteElo "1966"]
[BlackElo "2147"]
[PlyCount "140"]
[EventDate "2013.04.02"]
[EventType "swiss"]
[EventRounds "9"]
[EventCountry "ROU"]
[SourceTitle "CBM 153 Extra"]
[Source "ChessBase"]
[SourceDate "2013.04.22"]
[SourceVersion "1"]
[SourceVersionDate "2013.04.22"]
[SourceQuality "1"]

1. e4 c6 2. d4 d5 3. exd5 cxd5 4. c4 Nf6 5. Nc3 g6 6. Qb3 Bg7 7. cxd5 0-0 8. Nge2 Nbd7 9. g3 Nb6 10. Bg2 Bf5 11. a4 Qd7 12. a5 Nc8 13. Be3 Nd6 14. 0-0 Rac8 15. Rfc1 Bh3 16. Bh1 Nc4 17. Ne4 Nxe3 18. Nxf6+ Bxf6 19. fxe3 h5 20. Rc5 Qg4 21. Qc2 h4 22. Rc1 hxg3 23. hxg3 Rb8 24. Kf2 Kg7 25. Bf3 Qd7 26. Rc7 Qb5 27. Rh1 Rh8 28. Rc5 Qa6 29. Nf4 Bf5 30. Qe2 Qd6 31. Rc4 Bd7 32. Rcc1 b6 33. axb6 Qxb6 34. Rxh8 Kxh8 35. Rc2 Kg7 36. Kg2 Ba4 37. Rd2 Rc8 38. Qd3 Bb5 39. Qb1 Qa5 40. Rf2 Rc4 41. Ne2 Bg5 42. Qe4 Bd7 43. Qd3 Bb5 44. Nc3 Ba6 45. d6 exd6 46. Bd5 Rxc3 47. Rxf7+ Kh6 48. Qxc3 Qxd5+ 49. Rf3 Bb7 50. e4 Qxe4 51. d5 Qe5 52. Qxe5 dxe5 53. Kf2 Bxd5 54. Ra3 Bd8 55. Ke2 Bb6 56. Rc3 Bd4 57. Rc7 a5 58. Rd7 Bc4+ 59. Kd2 Bxb2 60. Ra7 Bd4 61. Rxa5 Kg5 62. Ra4 Be6 63. Ke2 Bg4+ 64. Kf1 Bf3 65. Ra6 e4 66. Ra4 Be5 67. Ra5 Kf6 68. Ra6+ Kg7 69. Kf2 Bd4+ 70. Kf1 e3 0-1

[Event "ROM-ch U18"]
[Site "Calimanesti"]
[Date "2013.04.07"]
[Round "8"]
[White "Manole, Stefan"]
[Black "Negru, Alecsandru George"]
[Result "1-0"]
[WhiteElo "2147"]
[BlackElo "1715"]
[PlyCount "56"]
[EventDate "2013.04.02"]
[EventType "swiss"]
[EventRounds "9"]
[EventCountry "ROU"]
[SourceTitle "CBM 153 Extra"]
[Source "ChessBase"]
[SourceDate "2013.04.22"]
[SourceVersion "1"]
[SourceVersionDate "2013.04.22"]
[SourceQuality "1"]

1. Nf3 c5 2. d4 cxd4 3. Nxd4 g6 4. e4 Bg7 5. Nc3 Nc6 6. Be3 Nf6 7. g3 d5 8. Bb5 Bd7 9. exd5 Nb4 10. Bc4 Bh3 11. Bb5+ Kf8 12. Qd2 Nbxd5 13. 0-0-0 Rc8 14. Nb3 Qc7 15. Nxd5 Nxd5 16. Bc5 Be6 17. Rhe1 b6 18. Bd4 Nb4 19. Re2 a5 20. Rxe6 fxe6 21. Bxg7+ Kxg7 22. Nd4 Qe5 23. Re1 Qf6 24. Rxe6 Qf7 25. Qe2 Rc7 26. Qe5+ Kh6 27. Qxc7 Nd5 28. Qe5 Rc8 1-0

[Event "ROM-ch U18"]
[Site "Calimanesti"]
[Date "2013.04.02"]
[Round "1"]
[White "Manole, Stefan"]
[Black "Chiru, Alexandru"]
[Result "1-0"]
[WhiteElo "2147"]
[BlackElo "1876"]
[PlyCount "80"]
[EventDate "2013.04.02"]
[EventType "swiss"]
[EventRounds "9"]
[EventCountry "ROU"]
[SourceTitle "CBM 153 Extra"]
[Source "ChessBase"]
[SourceDate "2013.04.22"]
[SourceVersion "1"]
[SourceVersionDate "2013.04.22"]
[SourceQuality "1"]

1. e4 Nf6 2. e5 Nd5 3. d4 d6 4. c4 Nb6 5. exd6 cxd6 6. Nc3 g6 7. Be3 Bg7 8. Rc1 0-0 9. b3 Nc6 10. d5 Ne5 11. Be2 f5 12. f4 Nf7 13. Nf3 Nd7 14. 0-0 Nf6 15. Nd4 a6 16. Bf3 Nh6 17. h3 Kh8 18. Re1 Nhg8 19. Na4 Rb8 20. Qd2 Bd7 21. Nb6 Ne8 22. Nxd7 Qxd7 23. Ne6 Rf7 24. g4 Nc7 25. gxf5 Rxf5 26. Bg4 Nxe6 27. dxe6 Qe8 28. Bxf5 gxf5 29. Bd4 Bf6 30. Kh2 Qh5 31. Re3 Bxd4 32. Qxd4+ Nf6 33. Rg1 Re8 34. Rg2 Qh4 35. Reg3 Qh6 36. Rg5 Rf8 37. Rxf5 Qh4 38. Rfg5 Qe1 39. f5 Re8 40. Rg7 a5 1-0

[Event "ROM-ch"]
[Site "Baile Olanesti"]
[Date "2013.02.21"]
[Round "8"]
[White "Baratosi, Daniel"]
[Black "Manole, Stefan"]
[Result "1/2-1/2"]
[WhiteElo "2424"]
[BlackElo "2126"]
[PlyCount "71"]
[EventDate "2013.02.16"]
[EventType "swiss"]
[EventRounds "11"]
[EventCountry "ROU"]
[SourceTitle "CBM 153 Extra"]
[Source "ChessBase"]
[SourceDate "2013.04.22"]
[SourceVersion "1"]
[SourceVersionDate "2013.04.22"]
[SourceQuality "1"]

1. e4 c6 2. d4 d5 3. Nc3 dxe4 4. Nxe4 Bf5 5. Ng3 Bg6 6. h4 h6 7. Nf3 Nd7 8. h5 Bh7 9. Bd3 Bxd3 10. Qxd3 e6 11. Bd2 Ngf6 12. 0-0-0 Be7 13. Ne4 Nxe4 14. Qxe4 Nf6 15. Qd3 0-0 16. g4 Nxg4 17. Rhg1 Nxf2 18. Qe2 Nxd1 19. Bxh6 Bf6 20. Bxg7 Bxg7 21. h6 Qf6 22. Qh2 Qxf3 23. hxg7 Qe3+ 24. Kb1 Nc3+ 25. bxc3 Qxg1+ 26. Qxg1 Rfd8 27. Qg5 Kh7 28. Qf6 Rd7 29. Kc1 Rad8 30. a3 Rg8 31. Qh4+ Kg6 32. Qg4+ Kf6 33. Qh4+ Kxg7 34. Qg3+ Kf8 35. Qb8+ Kg7 36. Qg3+ 1/2-1/2

[Event "ROM-ch"]
[Site "Baile Olanesti"]
[Date "2013.02.18"]
[Round "3"]
[White "Manole, Stefan"]
[Black "Tiron, Calin Andrei"]
[Result "1-0"]
[WhiteElo "2126"]
[BlackElo "1906"]
[PlyCount "97"]
[EventDate "2013.02.16"]
[EventType "swiss"]
[EventRounds "11"]
[EventCountry "ROU"]
[SourceTitle "CBM 153 Extra"]
[Source "ChessBase"]
[SourceDate "2013.04.22"]
[SourceVersion "1"]
[SourceVersionDate "2013.04.22"]
[SourceQuality "1"]

1. e4 e6 2. d4 d5 3. Nd2 Nc6 4. Ngf3 Nf6 5. e5 Nd7 6. c3 f6 7. exf6 Qxf6 8. Bd3 Bd6 9. Qc2 e5 10. 0-0 e4 11. Bxe4 dxe4 12. Nxe4 Qg6 13. Nxd6+ cxd6 14. Re1+ Kd8 15. Qxg6 hxg6 16. Ng5 Kc7 17. Bf4 Nf6 18. Bxd6+ Kb6 19. Nf7 Re8 20. Ne5 Bf5 21. a4 Nxe5 22. Bxe5 Bc2 23. a5+ Kc6 24. Rac1 Bf5 25. c4 Rac8 26. f4 Kd7 27. h3 Re6 28. Re3 Rec6 29. g4 Be6 30. b3 Bf7 31. Rce1 Re6 32. Kg2 Rh8 33. d5 Ree8 34. b4 Rhf8 35. Kf3 Rh8 36. Ke2 Rc8 37. Kd3 Rhe8 38. Kd4 Re7 39. g5 Nh5 40. a6 b6 41. c5 bxc5+ 42. bxc5 Bg8 43. c6+ Kd8 44. Rb1 Bxd5 45. Kxd5 Ke8 46. Rb7 Rd8+ 47. Kc5 Rd1 48. c7 Rc1+ 49. Bc3 1-0

[Event "ROM-ch"]
[Site "Baile Olanesti"]
[Date "2013.02.18"]
[Round "4"]
[White "Posedaru, Bogdan Stefan"]
[Black "Manole, Stefan"]
[Result "1-0"]
[WhiteElo "2328"]
[BlackElo "2126"]
[PlyCount "85"]
[EventDate "2013.02.16"]
[EventType "swiss"]
[EventRounds "11"]
[EventCountry "ROU"]
[SourceTitle "CBM 153 Extra"]
[Source "ChessBase"]
[SourceDate "2013.04.22"]
[SourceVersion "1"]
[SourceVersionDate "2013.04.22"]
[SourceQuality "1"]

1. d4 d5 2. c4 c6 3. Nf3 Nf6 4. e3 Bg4 5. Nbd2 e6 6. Bd3 Nbd7 7. Qc2 Bd6 8. b3 0-0 9. Bb2 Qb8 10. 0-0 h6 11. h3 Bxf3 12. Nxf3 e5 13. cxd5 Nxd5 14. Bf5 N5f6 15. Bxd7 Nxd7 16. Qf5 Qc8 17. Nxe5 Nxe5 18. Qxc8 Raxc8 19. dxe5 Bc5 20. Rac1 Bb6 21. Rfd1 Rfd8 22. Kf1 Kf8 23. Ke2 Ke7 24. f4 Rxd1 25. Rxd1 Bc5 26. f5 a5 27. Bd4 Bb4 28. Bb6 a4 29. Kd3 Ra8 30. Kc4 c5 31. g4 axb3 32. axb3 Ra2 33. Bd8+ Ke8 34. Bh4 g5 35. fxg6 fxg6 36. Rd8+ Kf7 37. Rd7+ Ke8 38. e6 g5 39. Bg3 Rc2+ 40. Kd5 Rd2+ 41. Ke4 b5 42. Rb7 Re2 43. Bd6 1-0

[Event "ROM-ch"]
[Site "Baile Olanesti"]
[Date "2013.02.16"]
[Round "1"]
[White "Manole, Stefan"]
[Black "Tureac, Emil"]
[Result "1-0"]
[WhiteElo "2126"]
[BlackElo "1673"]
[PlyCount "47"]
[EventDate "2013.02.16"]
[EventType "swiss"]
[EventRounds "11"]
[EventCountry "ROU"]
[SourceTitle "CBM 153 Extra"]
[Source "ChessBase"]
[SourceDate "2013.04.22"]
[SourceVersion "1"]
[SourceVersionDate "2013.04.22"]
[SourceQuality "1"]

1. e4 e5 2. Nf3 Nc6 3. d4 exd4 4. Nxd4 Qf6 5. Nxc6 Qxc6 6. Bd3 Bc5 7. 0-0 d6 8. Nc3 a6 9. Re1 Be6 10. Be3 Bxe3 11. Rxe3 0-0-0 12. Ne2 Nf6 13. Nd4 Qd7 14. h3 g5 15. Qe2 c5 16. Nxe6 fxe6 17. b4 b5 18. c4 d5 19. exd5 exd5 20. Re7 Qc6 21. cxb5 axb5 22. Bxb5 Qb6 23. bxc5 Qxc5 24. Ba6+ 1-0

[Event "Condom op-A 11th"]
[Site "Condom"]
[Date "2012.07.15"]
[Round "2"]
[White "Manole, Stefan"]
[Black "Carmaciu, Lucian Catalin"]
[Result "0-1"]
[WhiteElo "2059"]
[BlackElo "2386"]
[PlyCount "72"]
[EventDate "2012.07.14"]
[EventType "swiss"]
[EventRounds "9"]
[EventCountry "FRA"]
[SourceTitle "EXT 2013"]
[Source "ChessBase"]
[SourceDate "2012.11.22"]
[SourceVersion "1"]
[SourceVersionDate "2012.11.22"]
[SourceQuality "1"]

1. d4 Nf6 2. Nf3 d6 3. e3 Bg4 4. Be2 Nbd7 5. c4 e5 6. Nc3 c6 7. 0-0 Be7 8. Nd2 Bxe2 9. Qxe2 0-0 10. b3 exd4 11. exd4 d5 12. Bb2 Re8 13. Qf3 dxc4 14. bxc4 Qb6 15. Rab1 Qa6 16. Ba1 Nb6 17. c5 Nbd5 18. Nxd5 Nxd5 19. Qb3 b5 20. cxb6 axb6 21. Nc4 b5 22. Ne3 Nxe3 23. fxe3 Qxa2 24. Qc3 Qd5 25. e4 Qxe4 26. d5 Bf6 27. Rxf6 Qxb1+ 28. Rf1 Rxa1 29. Rxb1 Rxb1+ 30. Kf2 cxd5 31. Qc6 Rd8 32. Qc7 Rf8 33. Qc5 Rb2+ 34. Kf3 Rb3+ 35. Kf4 Rd8 36. Ke5 Rb2 0-1

[Event "ROM-ch"]
[Site "Sarata Monteoru"]
[Date "2012.02.18"]
[Round "8"]
[White "Manole, Stefan"]
[Black "Vrencian, Lehel"]
[Result "1-0"]
[WhiteElo "2082"]
[BlackElo "1874"]
[PlyCount "71"]
[EventDate "2012.02.13"]
[EventType "swiss"]
[EventRounds "11"]
[EventCountry "ROU"]
[SourceTitle "CBM 147 Extra"]
[Source "ChessBase"]
[SourceDate "2012.04.24"]
[SourceVersion "1"]
[SourceVersionDate "2012.04.24"]
[SourceQuality "1"]

1. e4 c5 2. Nf3 d6 3. d4 cxd4 4. Nxd4 Nf6 5. Nc3 a6 6. f3 e6 7. Be3 Be7 8. Qd2 0-0 9. g4 Nc6 10. 0-0-0 Nxd4 11. Bxd4 b5 12. Kb1 b4 13. Ne2 Qa5 14. h4 e5 15. Be3 Be6 16. Nc1 Nd7 17. h5 Nc5 18. g5 Rab8 19. g6 fxg6 20. hxg6 hxg6 21. Bh3 Rxf3 22. Bxc5 Rxh3 23. Rxh3 dxc5 24. Rg3 c4 25. Rxg6 Bf7 26. Rg3 Bh4 27. Rh3 Rd8 28. Qe2 Rxd1 29. Qxd1 Bg5 30. Qh1 Kf8 31. Qg1 Bxc1 32. Qxc1 c3 33. b3 Qc5 34. Rh8+ Ke7 35. Qg5+ Kd7 36. Qxg7 1-0

[Event "ROM-ch"]
[Site "Sarata Monteoru"]
[Date "2012.02.15"]
[Round "3"]
[White "Manea, Alexandru"]
[Black "Manole, Stefan"]
[Result "1-0"]
[WhiteElo "2429"]
[BlackElo "2082"]
[PlyCount "139"]
[EventDate "2012.02.13"]
[EventType "swiss"]
[EventRounds "11"]
[EventCountry "ROU"]
[SourceTitle "CBM 147 Extra"]
[Source "ChessBase"]
[SourceDate "2012.04.24"]
[SourceVersion "1"]
[SourceVersionDate "2012.04.24"]
[SourceQuality "1"]

1. Nf3 d5 2. c4 c6 3. d4 Nf6 4. e3 Bg4 5. Be2 e6 6. 0-0 Nbd7 7. Nc3 Bd6 8. b3 0-0 9. Bb2 Qe7 10. h3 Bh5 11. Ne5 Bxe2 12. Nxe2 Ba3 13. Bxa3 Qxa3 14. Nd3 Qd6 15. Rc1 Rac8 16. c5 Qc7 17. Ng3 Rfd8 18. Qe2 b5 19. Kh1 Ne4 20. Nh5 g6 21. f3 Ng3+ 22. Nxg3 Qxg3 23. Ra1 e5 24. Qe1 Qxe1 25. Rfxe1 e4 26. fxe4 dxe4 27. Nf4 Nf6 28. Kg1 Kg7 29. Kf2 Nd5 30. Nxd5 Rxd5 31. a4 b4 32. a5 Rb8 33. Ra4 Rb5 34. Rc1 Rd8 35. Kg3 f5 36. Rc4 Rdb8 37. Kf4 Kf6 38. g4 a6 39. Rc2 g5+ 40. Kg3 fxg4 41. Kxg4 Kg6 42. Rf2 h5+ 43. Kg3 Rd8 44. Ra1 Re8 45. h4 g4 46. Rf4 Re6 47. Rf8 Rf6 48. Rxf6+ Kxf6 49. Kf4 Rb8 50. Kxe4 Kg7 51. Rf1 Rf8 52. Rf4 Rf6 53. Rxf6 Kxf6 54. Kf4 Ke7 55. e4 Ke6 56. Kg3 Ke7 57. d5 cxd5 58. exd5 Kd7 59. Kf4 Kc7 60. Ke3 Kd7 61. Ke4 Kc7 62. d6+ Kc6 63. Kd4 Kd7 64. Kd5 g3 65. c6+ Kc8 66. Ke6 g2 67. Ke7 g1Q 68. d7+ Kc7 69. d8Q+ Kxc6 70. Qd7+ 1-0

[Event "ROM-ch"]
[Site "Sarata Monteoru"]
[Date "2012.02.15"]
[Round "4"]
[White "Manole, Stefan"]
[Black "Doros, Radu Marian"]
[Result "0-1"]
[WhiteElo "2082"]
[BlackElo "2338"]
[PlyCount "74"]
[EventDate "2012.02.13"]
[EventType "swiss"]
[EventRounds "11"]
[EventCountry "ROU"]
[SourceTitle "CBM 147 Extra"]
[Source "ChessBase"]
[SourceDate "2012.04.24"]
[SourceVersion "1"]
[SourceVersionDate "2012.04.24"]
[SourceQuality "1"]

1. e4 c5 2. Nf3 e6 3. d4 cxd4 4. Nxd4 a6 5. Nc3 Qc7 6. g3 Nc6 7. Bg2 d6 8. 0-0 Bd7 9. a4 Be7 10. Kh1 Nf6 11. f4 h5 12. Nb3 h4 13. g4 h3 14. Bf3 g5 15. e5 Nh7 16. exd6 Bxd6 17. Ne4 Bxf4 18. Bxf4 gxf4 19. Qd6 Qxd6 20. Nxd6+ Ke7 21. Nxb7 Ng5 22. N3c5 Be8 23. Rad1 Ne5 24. Be2 Bc6+ 25. Kg1 f3 26. Bxa6 Rxa6 27. Nxa6 Bxb7 28. Nc5 Ba8 29. b4 Nxg4 30. Rd7+ Kf6 31. a5 f2+ 32. Rxf2+ Nxf2 33. Kxf2 Nf3 34. Kg3 Rg8+ 35. Kxh3 Ng1+ 36. Kh4 Bf3 37. Rd4 Ne2 0-1

[Event "ROM-chT"]
[Site "Brasov"]
[Date "2011.10.11"]
[Round "4.4"]
[White "Malureanu, Costin George"]
[Black "Manole, Stefan"]
[Result "1/2-1/2"]
[WhiteElo "2165"]
[BlackElo "2052"]
[PlyCount "108"]
[EventDate "2011.10.08"]
[EventType "team-tourn"]
[EventRounds "9"]
[EventCountry "ROU"]
[SourceTitle "CBM 144 Extra"]
[Source "ChessBase"]
[SourceDate "2011.10.28"]
[SourceVersion "1"]
[SourceVersionDate "2011.10.28"]
[SourceQuality "1"]
[WhiteTeam "Techirghiol Victoria"]
[BlackTeam "Ploiesti Universitar"]
[WhiteTeamCountry "ROU"]
[BlackTeamCountry "ROU"]

1. e4 c6 2. d4 d5 3. Nc3 dxe4 4. Nxe4 Bf5 5. Ng3 Bg6 6. Bc4 e6 7. N1e2 Bd6 8. h4 h6 9. Nf4 Bxf4 10. Bxf4 Nf6 11. h5 Bh7 12. Bb3 0-0 13. 0-0 Nd5 14. Bd2 Qh4 15. Bxd5 cxd5 16. c3 Nd7 17. Qf3 Nf6 18. Ne2 Qxh5 19. Qxh5 Nxh5 20. Rfe1 Nf6 21. f3 Rac8 22. Kf2 Rc6 23. g4 Nd7 24. Rh1 Re8 25. Rag1 Ra6 26. a3 e5 27. g5 hxg5 28. Rxg5 Rae6 29. Rgh5 Nf6 30. Rxe5 Rxe5 31. dxe5 Rxe5 32. Be3 Rf5 33. Bxa7 Rxf3+ 34. Kxf3 Be4+ 35. Ke3 Bxh1 36. Ng3 Bg2 37. Bd4 Ne8 38. a4 Nd6 39. b3 f6 40. Bc5 Ne8 41. b4 Kf7 42. b5 Bh3 43. Ne2 g5 44. Nd4 Bc8 45. a5 f5 46. b6 f4+ 47. Kf3 Kf6 48. Nb5 Ke6 49. Na7 Kd7 50. Nxc8 Kxc8 51. Be7 Kd7 52. Bxg5 Kc6 53. Bxf4 Kb5 54. Ke3 Kxa5 1/2-1/2

[Event "Sunny Beach op 10th"]
[Site "Sunny Beach"]
[Date "2011.08.27"]
[Round "1"]
[White "Manole, Stefan"]
[Black "Mitkov, Marjan"]
[Result "1/2-1/2"]
[WhiteElo "1981"]
[BlackElo "2363"]
[PlyCount "89"]
[EventDate "2011.08.27"]
[EventType "swiss"]
[EventRounds "9"]
[EventCountry "BUL"]
[SourceTitle "CBM 144 Extra"]
[Source "ChessBase"]
[SourceDate "2011.10.28"]
[SourceVersion "1"]
[SourceVersionDate "2011.10.28"]
[SourceQuality "1"]

1. e4 e5 2. Nf3 Nc6 3. d4 exd4 4. Nxd4 Bc5 5. Nxc6 Qf6 6. Qf3 bxc6 7. Nc3 Qxf3 8. gxf3 Ne7 9. Be2 Rb8 10. Na4 Bd4 11. c3 Bf6 12. Be3 d6 13. b3 c5 14. Kd2 0-0 15. Kc2 Bb7 16. Rad1 Be5 17. Bc4 Ng6 18. h4 Bf6 19. h5 Ne5 20. Be2 Be7 21. c4 f5 22. Nc3 Rbe8 23. Rhg1 fxe4 24. fxe4 Nf3 25. Bxf3 Rxf3 26. Nd5 Bxd5 27. exd5 Bf6 28. a3 a5 29. Rg2 Kf7 30. Rd3 Rf5 31. h6 g6 32. Bd2 Ra8 33. a4 Bd4 34. f4 Rh5 35. Rf3 Rxh6 36. f5 g5 37. Bxg5 Rg8 38. Rfg3 Rh5 39. Bd2 Rxg3 40. Rxg3 Rh2 41. Kd3 Kf6 42. Bxa5 Rb2 43. Ke4 Re2+ 44. Kd3 Rb2 45. Ke4 1/2-1/2

[Event "Arad op-A"]
[Site "Arad"]
[Date "2011.08.07"]
[Round "4"]
[White "Manole, Stefan"]
[Black "Mozes, Ervin"]
[Result "1/2-1/2"]
[WhiteElo "1981"]
[BlackElo "2248"]
[PlyCount "69"]
[EventDate "2011.08.05"]
[EventType "swiss"]
[EventRounds "9"]
[EventCountry "ROU"]
[SourceTitle "CBM 143 Extra"]
[Source "ChessBase"]
[SourceDate "2011.08.29"]
[SourceVersion "1"]
[SourceVersionDate "2011.08.29"]
[SourceQuality "1"]

1. e4 Nf6 2. e5 Nd5 3. d4 d6 4. c4 Nb6 5. exd6 exd6 6. Nc3 Be7 7. h3 0-0 8. Nf3 Re8 9. Be2 c6 10. 0-0 d5 11. c5 N6d7 12. Bf4 b6 13. b4 a5 14. b5 Bb7 15. bxc6 Bxc6 16. Nb5 Na6 17. cxb6 Nxb6 18. Ne5 Bb7 19. Bd3 g6 20. Qf3 Bf6 21. Nxf7 Kxf7 22. Nd6+ Kg7 23. Nxb7 Qe7 24. Bxa6 Rxa6 25. Nd6 Rd8 26. Rfe1 Qd7 27. Qe2 Raa8 28. Rab1 Rab8 29. Qa6 Bxd4 30. Nb5 Ra8 31. Qxa8 Rxa8 32. Nxd4 Nc4 33. Bg5 Re8 34. Rxe8 Qxe8 35. Rb7+ 1/2-1/2